| 000 | 00707cam a22002411 4500 | ||
|---|---|---|---|
| 001 | 29296 | ||
| 003 | BD-RjUL | ||
| 005 | 20211209051409.0 | ||
| 008 | 140403s1950 nyua 001 0 eng d | ||
| 035 | _a(BD-RjUL) 29381 | ||
| 040 |
_aDLC _cOTU _dOCoLC _dDLC _dBD-RjUL _beng |
||
| 041 | _aeng | ||
| 082 | 0 | 0 |
_a131.32 _bTHP 1950 |
| 100 | 1 |
_aThorpe, Louis Peter, _d1893- _989401 |
|
| 245 | 1 | 4 |
_aThe psychology of mental health / _cby Louis Peter Thorpe |
| 260 |
_aNew York : _bRonald Press Co., _c1950. |
||
| 300 |
_axiii, 747 p. : _billus. ; _c21 cm. |
||
| 504 | _aIncludes bibliographies and index | ||
| 650 | 0 |
_aMental health. _989402 |
|
| 942 |
_2ddc _cBK |
||
| 999 |
_c29296 _d29296 |
||